000 00632nam a2200241Ia 4500
003 OSt
005 20221005115646.0
006 a|||||r|||| 00| 0
007 ta
008 221004b |||||||| |||| 00| 0 mal d
024 _a55008
037 _cTextual
040 _aCRL
_cCRL
_bmal
041 _2mal
_amal
082 _aO32,1N24,7, K2
100 _aBhaskaran P. Au.
_9627946
245 0 _aCinema ganangal
260 _c1962
650 _a MALAYALAM POETRY
_9185636
650 _aMALAYALAM LITERATURE
_938866
942 _hO32,1N24,7, K2
_cTEXL
_2cc
999 _c1035532
_d1035532